The Santa Cruz conference on finite groups

Guardat en:
Dades bibliogràfiques
Autors principals: Cooperstein, Bruce (Autor), Mason, Geoffrey (Autor)
Format: Llibre
Idioma:anglès
Publicat: Providence American Mathematical Society 1980
Col·lecció:Proceeding of Symposia in Pure Mathematics, 37
Matèries:
Etiquetes: Afegir etiqueta
Sense etiquetes, Sigues el primer a etiquetar aquest registre!

MARC

LEADER 00000nam a2200000 a 4500
001 UCQ9155
003 CL-VaPUC
005 20230331074316.0
008 981230e19800000us 1 eng d
082 0 4 |a 512.2  |b COO  |2 21 
100 1 |a Cooperstein, Bruce  |e author  |9 619218 
700 1 |a Mason, Geoffrey  |e author  |9 619219 
245 1 4 |a The Santa Cruz conference on finite groups 
260 |a Providence  |b American Mathematical Society  |c 1980 
300 |a 634 p 
490 0 |a Proceeding of Symposia in Pure Mathematics, 37 
583 |a last modification  |c 19981230 00:00:00  |k Rodrigo Vera 
650 0 0 |a Teoría de grupos   |9 270028 
650 0 0 |a Grupos finitos  |9 270201 
650 0 0 |a Congresos  |9 257560 
942 |c BK 
945 |a crobeson  |d 19981230 00:00:00 
546 |a En Inglés 
518 |p Santa Cruz Conference on Finite Groups, Santa Cruz, 25 de junio al 20 de julio de 1979 
999 |c 383307  |d 383305 
952 |0 0  |1 0  |4 0  |6 512_200000000000000_COO_1980  |7 0  |8 A  |9 505388  |a BIBMAT  |b BIBMAT  |d 2020-01-23  |i 1312596  |o 512.2 COO 1980  |p 1312596  |r 2025-01-07  |w 2020-01-23  |y BK  |k MAT 
952 |0 0  |1 0  |4 0  |6 512_200000000000000_COO_1980  |7 0  |8 A  |9 505389  |a BIBMAT  |b BIBMAT  |d 2020-01-23  |i 131260K  |o 512.2 COO 1980  |p 131260K  |r 2025-01-07  |w 2020-01-23  |y BK  |k MAT